000 00433nam a2200181Ia 4500
001 8235
005 20260306160554.0
008 260306t2006||||xx |||||||||||||| ||spa||
041 _aESP
082 _a370.15
_bS29
100 _aSchnotz, Wolfanz [1946-...]
_eAUT
245 0 _aCambio conceptual y educación
260 _c2006
300 _a296 páginas :
_c22 cm.
650 _aGEN
654 _aCED
942 _cLIB
_dJUS
_fJUS
_2ddc
_n
999 _c8235
_d8235